00340pab a2200121 454500008004000000100002200040245006000062260000900122300001200131362000900143650002500152773004100177180718b1984 xxu||||| |||| 00| 0 eng d aMukherjee, Pranab aThe leader of the House and the whips in U.K. and India c1984 a598-604 aDec. aLegislative Officers aJournal of Parliamentary Information